| 000 -LEADER |
| fixed length control field |
00757nam a22002297a 4500 |
| 005 - DATE AND TIME OF LATEST TRANSACTION |
| control field |
20231220085924.0 |
| 008 - FIXED-LENGTH DATA ELEMENTS--GENERAL INFORMATION |
| fixed length control field |
231220b ||||| |||| 00| 0 eng d |
| 020 ## - INTERNATIONAL STANDARD BOOK NUMBER |
| International Standard Book Number |
9781407152585 |
| 040 ## - CATALOGING SOURCE |
| Transcribing agency |
KH8 |
| 082 ## - DEWEY DECIMAL CLASSIFICATION NUMBER |
| Classification number |
FIC KUE |
| 100 ## - MAIN ENTRY--PERSONAL NAME |
| Personal name |
Kuenzler, Lou, |
| Relator term |
Author |
| 245 ## - TITLE STATEMENT |
| Title |
Winter term at Tall Towers/ |
| Statement of responsibility, etc. |
Lou Kuenzler |
| 260 ## - PUBLICATION, DISTRIBUTION, ETC. |
| Place of publication, distribution, etc. |
London, |
| Name of publisher, distributor, etc. |
Scholastic, |
| Date of publication, distribution, etc. |
2015 |
| 300 ## - PHYSICAL DESCRIPTION |
| Extent |
1 volume ; |
| Dimensions |
20 cm. |
| 440 ## - SERIES STATEMENT/ADDED ENTRY--TITLE |
| Title |
Princess DisGrace |
| 520 ## - SUMMARY, ETC. |
| Summary, etc. |
It is winter term and clumsy Princess Grace is back at Tall TowersAcademy for her fourth sparkling adventure, in this gloriouslyfunny illustrated series.<br/> |
| 650 ## - SUBJECT ADDED ENTRY--TOPICAL TERM |
| Topical term or geographic name entry element |
Children's stories |
| 650 ## - SUBJECT ADDED ENTRY--TOPICAL TERM |
| Topical term or geographic name entry element |
Fiction |
| 650 ## - SUBJECT ADDED ENTRY--TOPICAL TERM |
| Topical term or geographic name entry element |
Juvenile works |
| 700 ## - ADDED ENTRY--PERSONAL NAME |
| Personal name |
Scott, Kimberley |
| Relator term |
Illustrator |
| 942 ## - ADDED ENTRY ELEMENTS (KOHA) |
| Source of classification or shelving scheme |
|
| Koha item type |
Books - Fiction |